01583nam a2200361Ia 4500001001200000003000800012006001900020007001500039008004100054010001700095020001800112020001500130040002100145035002100166050002300187245009400210250001200304260003200316300001600348500007300364500020000437500004400637504005100681533015200732650004400884650003900928655002900967710003300996710003201029710001701061856012601078999001701204ebr10233224CaPaEBRm u cr cn|||||||||021118s2004 enk sb 001 0 eng d z 2004484697 z9780727916716 z0727916718 aCaPaEBRcCaPaEBR a(OCoLC)27744770314aKD732b.A84 2004eb00aAssessment of mental capacityh[electronic resource] :bguidance for doctors and lawyers. a2nd ed. aLondon :bBMJ Books,c2004. axvi, 236 p. aPrevious ed.: published as by the British Medical Association, 1995. a"This report outlines the current legal requirements in England and Wales concerning assessment of mental capacity. Practical guidelines on the medical assessment of capacity are included" - t.p. aAt foot of t.p.: The Law Society ; BMA. aIncludes bibliographical references and index. aElectronic reproduction.bPalo Alto, Calif. :cebrary,d2009.nAvailable via World Wide Web.nAccess may be limited to ebrary affiliated libraries. 0aCapacity and disabilityzGreat Britain. 0aMental health lawszGreat Britain. 7aElectronic books.2local2 aBritish Medical Association.2 aLaw Society (Great Britain)2 aebrary, Inc.40uhttp://site.ebrary.com/lib/rucke/Doc?id=10233224zAn electronic book accessible through the World Wide Web; click to view c38078d38078